| 000 | 00579nam a2200193 a 4500 | ||
|---|---|---|---|
| 001 | 000044274 | ||
| 003 | DO-SdBNP | ||
| 005 | 20260302080342.0 | ||
| 008 | 140612s 20uu dr a r 000 p spa d | ||
| 040 |
_aDO-SdBNP _bspa _cBNPHU |
||
| 082 | 4 |
_aBNPHU RD861.44 _bA414m |
|
| 100 | 1 |
_aAlix, Juan Antonio, _d1833-1918 _41833-1917 _911349 |
|
| 245 | 1 | 4 |
_aLos mangos bajitos / _cJuan Antonio Alix. |
| 260 |
_aSanto Domingo : _bMinisterio de Cultura _c[200?]. |
||
| 300 |
_a12 p. ; _c21 cm. |
||
| 650 | 1 | 4 |
_aPoesÃa dominicana _966 |
| 650 | 1 | 0 |
_aLiteratura dominicana. _967 |
| 942 |
_2ddc _cLBS1 |
||
| 999 |
_c43763 _d43763 |
||